000 00319nam a2200109 4500
999 _c10063
_d10063
008 180730b ||||| |||| 00| 0 eng d
245 _aChile reports first case of sexually transmitted Zika.
260 _aPhilippines
_bThe Philippine Star
_cc2016
300 _apage A-27.
650 0 _929721
_aViruses.
942 _2ddc
_cPER